Australian Birds By Picture #4 - Statistics

General Stats
  • This quiz has been taken 76 times
  • The average score is 6 of 20
Answer Stats
Picture Answer % Correct
Cape Barren Goose
78%
Dollarbird
60%
Australian Painted-Snipe
43%
Sanderling
38%
Baudin's Black-Cockatoo
36%
Olive-backed Oriole
36%
Mulga Parrot
34%
Tree Martin
33%
Bassian Thrush
28%
Superb Fruit-Dove
28%
Swamp Harrier
28%
Black Bittern
22%
Pacific Swift
22%
Spotted Nightjar
22%
Bar-breasted Honeyeater
16%
Tasmanian Thornbill
16%
White-browed Treecreeper
16%
Arctic Jaeger
12%
Chirruping Wedgebill
12%
Carpentarian Grasswren
7%
No matching quizzes found
Score Distribution
Percent of People with Each Score
Percentile by Number Answered
Your Score History
You have not taken this quiz